00836nam a2200229Ia 4500999001500000020001800015082001500033245011600048260004300164300001600207504003900223650003700262650002200299650001900321650002500340650001600365650001800381650002400399710005600423942000700479952012000486 c4128d4128 a92-870-1240-7 a382.3 WOR- 0aWorld trade report 2004: exploring the linkage between the domestic policy environment and international trade  aGenevabWorld Trade Organizationc2004 axxvi, 249p. aincludes appendix and bibliography aInternational economic relations aCommercial policy aMacroeconomics aForeign trade policy aWorld trade aForeign trade aInternational trade aWorld Trade Organization; International tradepolicy cBK 00104070aNASSDOCbNASSDOCd2005-03-16eBWi2005-02-11l0o382.3 WOR-p40556r2019-04-18 00:00:00w2019-04-18yBK